<?xml version="1.0" encoding="UTF-8"?>
<record
    xmlns:xsi="http://www.w3.org/2001/XMLSchema-instance"
    xsi:schemaLocation="http://www.loc.gov/MARC21/slim http://www.loc.gov/standards/marcxml/schema/MARC21slim.xsd"
    xmlns="http://www.loc.gov/MARC21/slim">

  <leader>03171nam a2200229Ia 4500</leader>
  <controlfield tag="008">120625s2004    mx            000 0 spa d</controlfield>
  <datafield tag="020" ind1=" " ind2=" ">
    <subfield code="a">9701047443</subfield>
  </datafield>
  <datafield tag="050" ind1=" " ind2="4">
    <subfield code="a">QA76.575 </subfield>
    <subfield code="b">M835 2004</subfield>
  </datafield>
  <datafield tag="110" ind1="1" ind2=" ">
    <subfield code="a">Centro de Computacion Profesional de Mexico (CCPM)</subfield>
    <subfield code="9">12544</subfield>
  </datafield>
  <datafield tag="245" ind1="1" ind2="0">
    <subfield code="a">Multimedia aplicada </subfield>
    <subfield code="c">/ Centro de Computacion Profesional de Mexico.</subfield>
  </datafield>
  <datafield tag="250" ind1=" " ind2=" ">
    <subfield code="a">3a. ed.</subfield>
  </datafield>
  <datafield tag="260" ind1="3" ind2=" ">
    <subfield code="a">M&#xE9;xico </subfield>
    <subfield code="b">: McGraw-Hill Interamericana</subfield>
    <subfield code="c">,2004.</subfield>
  </datafield>
  <datafield tag="300" ind1=" " ind2=" ">
    <subfield code="a">xx, 341 p&#xE1;ginas.</subfield>
  </datafield>
  <datafield tag="336" ind1=" " ind2=" ">
    <subfield code="a">Texto</subfield>
  </datafield>
  <datafield tag="337" ind1=" " ind2=" ">
    <subfield code="a">Sin medio</subfield>
  </datafield>
  <datafield tag="338" ind1=" " ind2=" ">
    <subfield code="a">Volumen</subfield>
  </datafield>
  <datafield tag="500" ind1=" " ind2=" ">
    <subfield code="a">Incluye pr&#xE1;cticas (pp. 306-310)
Incluye glosario (pp. 311-312)
Incluye autoevaluaci&#xF3;n (pp. 315-341)</subfield>
  </datafield>
  <datafield tag="505" ind1="1" ind2=" ">
    <subfield code="a">Avance program&#xE1;tico por clase ; Multimedia :Aplicaciones
Realidad virtual ;Multimedia aplicada a la inform&#xE1;tica
Elementos de multimedia ; Texto ; Sonido ; Im&#xE1;genes ; Animaci&#xF3;n ; Video ; Desarrollo de productos multimedia ; Herramientas b&#xE1;sicas
Software para visualizaci&#xF3;n de aplicaciones miltimedia ; Software para la creaci&#xF3;n de aplicaciones multimedia
Introducci&#xF3;n a Flash Mx ; &#xBF;Qu&#xE9; es Flash MX? ; Novedades de Flash Mx
Ejecuci&#xF3;n de Flash Mx ; Ventanas de Flash Mx ; Entorno de trabajo de Flash Mx ; La interfax de Flash Mx
Barra de men&#xFA;s ; Capas ; &#xC1;rea de trabajo ; L&#xED;nea de tiempo y fotogramas ; Paneles ; Escenas ; Dibujo y color ; Dibujar en Flash
Descripci&#xF3;n de la barra de herramientas para dibujo ; Dibujar un pol&#xED;gono o una estrella ; Rotar una figura ; Transformar objetos ; Dibujar con la herramienta l&#xED;nea ; Crear un dibujo con la herramienta l&#xE1;piz ; Copiar y quitar trazos (bordes) ; Cortar una figura dentro de otra ; Color de relleno y color de borde
Agrupar / desagrupar una figura ; Modificar formas ; Panel mezclador de colores ; Panel muestras de color ; Texto
Propiedades de los textos y tipos de textos
C&#xF3;mo agregar texto est&#xE1;tico ; Como agregar texto tipo Introducci&#xF3;n de texto ; C&#xF3;mo introducir texto din&#xE1;mico ; Verificar ortograf&#xED;a ; Objetos, iniciaci&#xF3;n ; Seleccionar ; Colocar objetos, panel de alineamiento ;Panel informaci&#xF3;n ; Los grupos ; Capas ;Trabajar con capas ;Tipos de capas ; Edici&#xF3;n con papel cebolla ;S&#xED;mbolos ; C&#xF3;mo crear s&#xED;mbolos ; Las bibliotecas ; Instancias ;Panel de propiedades de instancias
Efectos sobre instancias/s&#xED;mbolos ; Gr&#xE1;ficos ; Tipos de gr&#xE1;ficos 
Creaci&#xF3;n de gr&#xE1;ficos vectoriales ; Introducir un mapa de bits
Introducir un archivo vectorial
Clips de pel&#xED;culas ; Consideraciones con el tama&#xF1;o de las pel&#xED;culas ;Crear un clip ; Propiedades de un clip ; Importar, exportar
Control de reproducci&#xF3;n de videos con comportamientos ; Explorador de pel&#xED;culas ; Botones ; Creaci&#xF3;n de un boton ; Formas de los botones ; Incluir un clip de video en un boton ; Acciones de los botones ; Incluir sonido a los botones
Animaci&#xF3;n y movimiento ; Interpolaci&#xF3;n de movimiento
Interpolaci&#xF3;n de formas ; Animaci&#xF3;n de texto
Animaciones fotograma a fotograma ; Agregar sonido a la pel&#xED;cula ; Publicaci&#xF3;n y optimizaci&#xF3;n de un documento de Flash
Publicar un documento Flash ; Optimizaci&#xF3;n de documentos Flash </subfield>
  </datafield>
  <datafield tag="519" ind1=" " ind2=" ">
    <subfield code="a">Material Complementario</subfield>
    <subfield code="d">(04 000172, 04 000173)</subfield>
  </datafield>
  <datafield tag="650" ind1="1" ind2="4">
    <subfield code="a">SISTEMAS MULTIMEDIA</subfield>
  </datafield>
  <datafield tag="942" ind1=" " ind2=" ">
    <subfield code="c">LB</subfield>
    <subfield code="2">lcc</subfield>
  </datafield>
  <datafield tag="952" ind1=" " ind2=" ">
    <subfield code="0">0</subfield>
    <subfield code="1">0</subfield>
    <subfield code="4">0</subfield>
    <subfield code="7">0</subfield>
    <subfield code="a">04</subfield>
    <subfield code="b">04</subfield>
    <subfield code="d">2007-02-20</subfield>
    <subfield code="l">0</subfield>
    <subfield code="o">QA76.575 M835 2004</subfield>
    <subfield code="p">04 000172</subfield>
    <subfield code="r">2015-05-21</subfield>
    <subfield code="t">1</subfield>
    <subfield code="w">2012-06-24</subfield>
    <subfield code="y">LB</subfield>
  </datafield>
  <datafield tag="952" ind1=" " ind2=" ">
    <subfield code="0">0</subfield>
    <subfield code="1">0</subfield>
    <subfield code="4">0</subfield>
    <subfield code="7">0</subfield>
    <subfield code="a">04</subfield>
    <subfield code="b">04</subfield>
    <subfield code="d">2007-02-20</subfield>
    <subfield code="l">1</subfield>
    <subfield code="o">QA76.575 M835 2004</subfield>
    <subfield code="p">04 000173</subfield>
    <subfield code="r">2015-08-25</subfield>
    <subfield code="s">2015-08-17</subfield>
    <subfield code="t">2</subfield>
    <subfield code="w">2012-06-24</subfield>
    <subfield code="y">LB</subfield>
  </datafield>
  <datafield tag="952" ind1=" " ind2=" ">
    <subfield code="0">0</subfield>
    <subfield code="1">0</subfield>
    <subfield code="2">lcc</subfield>
    <subfield code="4">0</subfield>
    <subfield code="7">0</subfield>
    <subfield code="a">04</subfield>
    <subfield code="b">04</subfield>
    <subfield code="d">2016-11-23</subfield>
    <subfield code="l">0</subfield>
    <subfield code="o">QA76.575 M835 2004</subfield>
    <subfield code="p">05 000684</subfield>
    <subfield code="r">2023-02-10</subfield>
    <subfield code="t">1</subfield>
    <subfield code="w">2016-11-23</subfield>
    <subfield code="y">LB</subfield>
  </datafield>
  <datafield tag="999" ind1=" " ind2=" ">
    <subfield code="c">61577</subfield>
    <subfield code="d">61577</subfield>
  </datafield>
</record>
